000 00719nam a2200241Ia 4500
003 OSt
005 20220923221140.0
006 a|||||r|||| 00| 0
007 ta
008 220922b |||||||| |||| 00| 0 hin d
024 _a195,616
037 _cTextual
040 _aARTS
_cARTS
_bhin
041 _2hin
_ahin
082 _aR37, 152L3
100 _aपाण्डे, गोविन्दचन्द
245 0 _aमूल्य मीमांसा
246 _aMūlya mīmāansā
260 _aजयपुर
_b जयपुर
_c1973
300 _a302पृ.
_ccm.
942 _hR37, 152L3
_cTEXL
_2CC
999 _c347760
_d347760